[Event "European Blitz 2022"]
[Site "Katowice POL"]
[Date "2022.12.16"]
[Round "15.20"]
[White "Livaic, Leon"]
[Black "Krzyzanowski, Marcin"]
[Result "1/2-1/2"]
[WhiteTitle "GM"]
[BlackTitle "GM"]
[WhiteElo "2572"]
[BlackElo "2538"]
[WhiteFideId "14531534"]
[BlackFideId "1132199"]
[EventDate "2022.12.16"]

1. e4 c5 2. Nf3 Nc6 3. Bc4 d6 4. O-O Nf6 5. Re1 e5 6. Ng5 Bg4 7. Bxf7+ Ke7 8. f3
h6 9. fxg4 hxg5 10. Bc4 Qd7 11. h3 Nd4 12. c3 Ne6 13. Bxe6 Qxe6 14. d3 Nh7 15.
c4 Kf7 16. Nc3 Be7 17. Rf1+ Kg8 18. Nd5 Bd8 19. a3 Nf6 20. Bxg5 Nxd5 21. exd5
Qe8 22. Bxd8 Rxd8 23. Qf3 Rd7 24. Rf2 Rh6 25. g5 Rh4 26. Qf5 Rf7 27. Qxf7+ Qxf7
28. Rxf7 Kxf7 29. b4 Rd4 30. bxc5 dxc5 31. Re1 Rxd3 32. Rxe5 Rxa3 33. h4 Rd3 34.
h5 a5 35. g6+ Kf6 36. Re6+ Kg5 37. Re7 Kxh5 38. Rxg7 a4 39. Rxb7 Kxg6 40. Ra7 a3
41. Kh2 Kf5 42. Ra5 Ke5 43. Rxc5 Kd4 44. Ra5 Kxc4 45. g4 Kb4 46. Ra8 Rxd5 47.
Kg3 Ra5 48. Rb8+ Kc3 49. Rb1 a2 50. Ra1 Kb2 51. Rd1 a1=Q 52. Rxa1 Kxa1 53. Kf4
Kb2 54. g5 Kc3 55. g6 Ra1 56. Ke5 Rg1 57. Kf6 Rf1+ 58. Ke6 Kd4 59. g7 Rg1 60.
Kf7 Rxg7+ 61. Kxg7 Ke5 1/2-1/2

[Event "European Blitz 2022"]
[Site "Katowice POL"]
[Date "2022.12.16"]
[Round "15.21"]
[White "Klenburg, Michael"]
[Black "Dvirnyy, Danyyil"]
[Result "0-1"]
[WhiteTitle "IM"]
[BlackTitle "GM"]
[WhiteElo "2347"]
[BlackElo "2530"]
[WhiteFideId "14102072"]
[BlackFideId "817570"]
[EventDate "2022.12.16"]

1. g3 e5 2. Bg2 d5 3. d3 Nf6 4. Nf3 Bd6 5. O-O O-O 6. c4 c6 7. Qc2 h6 8. Nbd2
Re8 9. e4 Na6 10. a3 Nc7 11. b3 a5 12. Bb2 dxe4 13. Nxe4 Nxe4 14. dxe4 Qe7 15.
Bc3 Bg4 16. Qb2 Bxf3 17. Bxf3 b5 18. Be2 b4 19. axb4 axb4 20. Bd2 Bc5 21. Rxa8
Rxa8 22. Be3 Bxe3 23. fxe3 Qc5 24. Qc1 Ra2 25. Bg4 g6 26. Kh1 h5 27. Bh3 Ne8 28.
Bg2 Kg7 29. Kg1 Nf6 30. Rf2 Ra7 31. h3 Rd7 32. Kh2 Qe7 33. Rd2 Ra7 34. Qd1 h4
35. gxh4 Qc5 36. Rd3 Ra2 37. Qf3 Rb2 38. Kg3 Qe7 39. Kh2 Nh5 40. Qg4 Qf6 41. Qd1 0-1

[Event "European Blitz 2022"]
[Site "Katowice POL"]
[Date "2022.12.16"]
[Round "15.22"]
[White "Tazbir, Marcin"]
[Black "Kjartansson, Gudmundur"]
[Result "1/2-1/2"]
[WhiteTitle "GM"]
[BlackTitle "GM"]
[WhiteElo "2508"]
[BlackElo "2453"]
[WhiteFideId "1122452"]
[BlackFideId "2301318"]
[EventDate "2022.12.16"]

1. c4 Nf6 2. g3 e6 3. Bg2 d5 4. Nf3 Be7 5. O-O O-O 6. Qc2 c5 7. d3 Nc6 8. a3 e5
9. Bg5 e4 10. dxe4 dxe4 11. Nfd2 Nd4 12. Qd1 Qb6 13. Nc3 Qxb2 14. Bxf6 Bxf6 15.
Ndxe4 Be7 16. e3 Nc6 17. Rb1 Qxa3 18. Nd5 Bf5 19. Rxb7 Rae8 20. Nec3 a6 21. Nc7
Na5 22. Ra7 Qxc3 23. Nxe8 Rxe8 24. Qa4 Kf8 25. Rxa6 Nxc4 26. Ra8 Nd6 27. Bc6
Rxa8 28. Qxa8+ Nc8 29. Bb7 Qd3 30. Bxc8 Qd8 31. Bb7 Qxa8 32. Bxa8 c4 33. Rc1 Bd3
34. Bd5 Ba3 35. Rxc4 Bxc4 36. Bxc4 h5 37. Kg2 g6 38. f4 Kg7 39. Kf3 Bc5 40. h3
Kf6 41. g4 hxg4+ 42. hxg4 Bb6 43. e4 Bc7 44. e5+ Ke7 45. Ke4 Ba5 46. Kd5 Bd2 47.
f5 gxf5 48. gxf5 Bg5 49. e6 fxe6+ 50. fxe6 Bf6 51. Ke4 1/2-1/2

[Event "European Blitz 2022"]
[Site "Katowice POL"]
[Date "2022.12.16"]
[Round "15.23"]
[White "Karolczuk, Iwo"]
[Black "Fridman, Daniel"]
[Result "0-1"]
[WhiteTitle "FM"]
[BlackTitle "GM"]
[WhiteElo "2327"]
[BlackElo "2602"]
[WhiteFideId "21816972"]
[BlackFideId "11600454"]
[EventDate "2022.12.16"]

1. e4 c6 2. Nc3 d5 3. Nf3 Bg4 4. h3 Bh5 5. Be2 e6 6. d4 Nf6 7. exd5 cxd5 8. O-O
Nc6 9. Ne5 Bxe2 10. Nxe2 Nxe5 11. dxe5 Nd7 12. Bf4 g6 13. Nd4 Bg7 14. Re1 Qb6
15. Rb1 O-O 16. c3 Rac8 17. Qd2 Nc5 18. f3 Qa6 19. b4 Na4 20. Rb3 Nb6 21. h4 Nc4
22. Qe2 Qb6 23. h5 Rc7 24. hxg6 hxg6 25. Qf2 a5 26. Qh4 a4 27. Rbb1 Na3 28. Rbc1
Rxc3 29. Be3 Rxc1 30. Rxc1 Qxb4 31. Kf2 Qb2+ 32. Ne2 Re8 33. Bc5 b6 34. Bd6 Nc4
35. Rh1 Nxd6 36. exd6 Qb5 37. Qh7+ Kf8 38. Qh2 Qc5+ 39. Ke1 Rd8 40. Qf4 Qxd6 41.
Qe3 Qc5 42. Qg5 Rc8 43. Rh4 Qe7 44. Qf4 g5 0-1

[Event "European Blitz 2022"]
[Site "Katowice POL"]
[Date "2022.12.16"]
[Round "15.24"]
[White "Vogel, Roven"]
[Black "Kowalski, Igor"]
[Result "1-0"]
[WhiteTitle "IM"]
[BlackTitle "IM"]
[WhiteElo "2463"]
[BlackElo "2344"]
[WhiteFideId "12908088"]
[BlackFideId "1172468"]
[EventDate "2022.12.16"]

1. c4 Nf6 2. Nc3 g6 3. e4 d6 4. d4 Bg7 5. Nf3 O-O 6. Be2 e5 7. O-O Bg4 8. d5 a5
9. Be3 Na6 10. Nd2 Bxe2 11. Qxe2 Nd7 12. Rab1 f5 13. f3 Nac5 14. b3 Qh4 15. a3
Bh6 16. b4 Bxe3+ 17. Qxe3 axb4 18. axb4 f4 19. Qf2 Qxf2+ 20. Kxf2 Na4 21. Nb5
Rfc8 22. Nb3 Ra6 23. Na5 Rb6 24. Rb3 Ra8 25. Ra1 c6 26. dxc6 bxc6 27. Nxd6 Rxa5
28. bxa5 Rxb3 29. Rxa4 Rb2+ 30. Kf1 Nc5 31. Ra3 Rd2 32. Nb7 Nd3 33. Ra1 Rf2+ 34.
Kg1 Rb2 35. a6 1-0

[Event "European Blitz 2022"]
[Site "Katowice POL"]
[Date "2022.12.16"]
[Round "15.25"]
[White "Petrovskyi, Vadym"]
[Black "Seo, Jung Min"]
[Result "0-1"]
[WhiteTitle "FM"]
[BlackTitle "IM"]
[WhiteElo "2402"]
[BlackElo "2502"]
[WhiteFideId "14165210"]
[BlackFideId "1734687"]
[EventDate "2022.12.16"]

1. e4 c5 2. Nf3 d6 3. d4 cxd4 4. Nxd4 Nf6 5. Nc3 a6 6. Be2 e5 7. Nb3 Be7 8. O-O
O-O 9. Re1 Be6 10. Bf3 Nbd7 11. a4 b6 12. Nd2 Qc7 13. Nf1 Rfc8 14. Ne3 Bf8 15.
h3 g6 16. Bd2 Qb7 17. Qe2 Nc5 18. Ned5 Bxd5 19. exd5 Re8 20. Bg5 Bg7 21. b4 Ncd7
22. Qd2 Rac8 23. Ra3 Rc4 24. Rb3 Rec8 25. Be3 R4c7 26. Be2 e4 27. Bd4 Ne5 28.
Bxe5 dxe5 29. Rd1 Rd7 30. Bf1 Rcd8 31. Qe2 Nxd5 32. Nxe4 Nf4 33. Qf3 Rxd1 34.
Nf6+ Bxf6 35. Qxb7 Rxf1+ 36. Kh2 Rxf2 37. Rg3 Rdd2 38. Qxb6 Kg7 39. Qxa6 Bh4 40.
Rg4 h5 41. Rxf4 exf4 42. Qc4 Bg3+ 0-1

[Event "European Blitz 2022"]
[Site "Katowice POL"]
[Date "2022.12.16"]
[Round "15.26"]
[White "Gavrilescu, David"]
[Black "Molenda, Marcin"]
[Result "1-0"]
[WhiteTitle "IM"]
[BlackTitle "FM"]
[WhiteElo "2522"]
[BlackElo "2381"]
[WhiteFideId "1227190"]
[BlackFideId "1173065"]
[EventDate "2022.12.16"]

1. e4 c5 2. Nf3 e6 3. b3 b6 4. Bb2 Bb7 5. Qe2 Nc6 6. g3 d6 7. d4 cxd4 8. Nxd4
Nxd4 9. Bxd4 Nf6 10. Bg2 e5 11. Bb2 Be7 12. c4 O-O 13. Nc3 Nd7 14. O-O Nc5 15.
Rad1 a5 16. Rd2 a4 17. b4 Ne6 18. Nb5 Qb8 19. Rfd1 Rd8 20. a3 Ba6 21. Nc3 Nd4
22. Qf1 Nb3 23. Rc2 Nd4 24. Nd5 Nxc2 25. Nxe7+ Kf8 26. Nc6 Qc7 27. b5 Bb7 28.
Nxd8 Rxd8 29. Qd3 Nd4 30. Bxd4 exd4 31. Qxd4 Kg8 32. e5 Bxg2 33. Kxg2 1-0

[Event "European Blitz 2022"]
[Site "Katowice POL"]
[Date "2022.12.16"]
[Round "15.27"]
[White "Saric, Ante"]
[Black "Monroy, Charles"]
[Result "1/2-1/2"]
[WhiteTitle "GM"]
[BlackTitle "IM"]
[WhiteElo "2504"]
[BlackElo "2395"]
[WhiteFideId "14506254"]
[BlackFideId "621641"]
[EventDate "2022.12.16"]

1. Nf3 d5 2. g3 Nc6 3. d4 Bf5 4. Bg2 Nb4 5. Na3 e6 6. O-O Nf6 7. c3 Na6 8. Qb3
Rb8 9. Bg5 Be7 10. c4 c6 11. c5 O-O 12. Bf4 Nc7 13. Ne5 Nd7 14. Qa4 Nxe5 15.
Bxe5 f6 16. Bf4 e5 17. dxe5 fxe5 18. Bxe5 Bxc5 19. Rac1 Bb6 20. Bd4 Qe7 21. Bxb6
axb6 22. e3 b5 23. Qd1 Ra8 24. Ra1 Be4 25. Qg4 Bxg2 26. Kxg2 Ra4 27. Qe2 Qe4+
28. f3 Qe7 29. Nc2 Ne6 30. a3 Qf6 31. Rab1 Qh6 32. h4 Qg6 33. Kh2 Nc5 34. Nb4
Ne6 35. Rbd1 Raa8 36. Nd3 Qf6 37. f4 Rae8 38. Qg2 Qg6 39. Ne5 Qh5 40. Rc1 g5 41.
Qh3 gxh4 42. gxh4 Kh8 43. Rg1 d4 44. Rg4 dxe3 45. Qxe3 Nxf4 46. Rxf4 Rxf4 47.
Qxf4 Qxe5 48. Qxe5+ Rxe5 49. Rc2 Re3 50. Rd2 Rb3 51. Kg2 Kg7 52. Kf1 Kh6 53. Ke1
Kh5 54. Kd1 h6 55. Kc2 Rg3 56. Rd7 Kxh4 57. Rxb7 h5 58. b3 Rg2+ 59. Kc3 Rg6 60.
a4 bxa4 61. bxa4 Kg3 62. a5 h4 63. Kb4 h3 64. Rh7 Kg2 65. a6 Rg8 66. Kc5 h2 67.
Kxc6 h1=Q 68. Rxh1 Kxh1 69. a7 1/2-1/2

[Event "European Blitz 2022"]
[Site "Katowice POL"]
[Date "2022.12.16"]
[Round "15.28"]
[White "Dragnev, Valentin"]
[Black "Kacprzak, Karol"]
[Result "1-0"]
[WhiteTitle "GM"]
[WhiteElo "2556"]
[BlackElo "2226"]
[WhiteFideId "1634852"]
[BlackFideId "21819327"]
[EventDate "2022.12.16"]

1. e4 c5 2. Nc3 d6 3. Bb5+ Bd7 4. Bxd7+ Qxd7 5. d4 cxd4 6. Qxd4 Nc6 7. Qd3 Nf6
8. Bg5 e6 9. Bxf6 gxf6 10. O-O-O a6 11. Kb1 O-O-O 12. f4 Kb8 13. Nf3 Be7 14. g3
Qc7 15. Nd4 Rc8 16. Nxc6+ Qxc6 17. f5 h5 18. Ne2 Qd7 19. Nf4 Rc5 20. h4 Re5 21.
fxe6 fxe6 22. Ng6 Rg8 23. Nxe5 fxe5 24. Rhf1 Qe8 25. Qb3 Qg6 26. Rd3 Rd8 27. Re1
Qg8 28. Qb6 Rd7 29. Rb3 Ka8 30. a3 Bd8 31. Qe3 Rg7 32. Rd1 Bc7 33. Qf3 Rg4 34.
Rf1 Bb8 35. Re3 d5 36. Rfe1 Bc7 37. Rd3 d4 38. Rb3 Qg7 39. Rf1 Bb8 40. Qf7 Qxf7
41. Rxf7 b5 42. Rf6 Rxe4 43. Rxe6 Kb7 44. Rf3 Re1+ 45. Ka2 e4 46. Rf7+ Bc7 47.
Ree7 e3 48. Rxc7+ Kb6 49. Rce7 Kc6 50. Rf5 Kd6 51. Rfe5 1-0

[Event "European Blitz 2022"]
[Site "Katowice POL"]
[Date "2022.12.16"]
[Round "15.29"]
[White "Mis, Mieszko"]
[Black "Azarov, Sergei"]
[Result "1/2-1/2"]
[WhiteTitle "FM"]
[BlackTitle "GM"]
[WhiteElo "2389"]
[BlackElo "2562"]
[WhiteFideId "1196448"]
[BlackFideId "13501470"]
[EventDate "2022.12.16"]

1. d4 Nf6 2. c4 e6 3. Nc3 Bb4 4. e3 O-O 5. Bd2 c5 6. a3 Bxc3 7. Bxc3 Ne4 8. Ne2
d6 9. dxc5 Nxc3 10. Nxc3 dxc5 11. Qc2 Nd7 12. Bd3 Nf6 13. O-O-O Qe7 14. g4 h6
15. Rhg1 Nd7 16. f4 b6 17. g5 h5 18. g6 f5 19. Qe2 Nf6 20. Rg5 Bb7 21. Rxh5 Rfd8
22. Rg5 Rd7 23. Bc2 Rad8 24. Rxd7 Qxd7 25. Rg1 Kf8 26. Qf2 Ke7 27. Rd1 Qe8 28.
Rg1 Qd7 29. Rd1 Qe8 30. Rg1 Qd7 31. Rd1 Qe8 1/2-1/2

[Event "European Blitz 2022"]
[Site "Katowice POL"]
[Date "2022.12.16"]
[Round "15.30"]
[White "Drozdowski, Kacper"]
[Black "D'Costa, Lorin"]
[Result "1-0"]
[WhiteTitle "IM"]
[BlackTitle "IM"]
[WhiteElo "2448"]
[BlackElo "2375"]
[WhiteFideId "1136720"]
[BlackFideId "409219"]
[EventDate "2022.12.16"]

1. e4 e6 2. d4 d5 3. Nd2 c5 4. exd5 Qxd5 5. dxc5 Bxc5 6. Ngf3 Nf6 7. Bd3 O-O 8.
Qe2 a6 9. Ne4 Be7 10. O-O Nbd7 11. Bg5 h6 12. Bh4 Qa5 13. c4 Re8 14. a3 Qc7 15.
Bg3 Qb6 16. b4 Nxe4 17. Bxe4 Nf6 18. c5 Qa7 19. Rad1 Bd7 20. Bd3 Bc6 21. Ne5 Bd5
22. Nc4 Bxc4 23. Bxc4 a5 24. Bc7 axb4 25. axb4 Qa3 26. Rb1 Rec8 27. Be5 Qa7 28.
Ra1 1-0

[Event "European Blitz 2022"]
[Site "Katowice POL"]
[Date "2022.12.16"]
[Round "15.31"]
[White "Baum, Jonasz"]
[Black "Samunenkov, Ihor"]
[Result "0-1"]
[WhiteTitle "IM"]
[BlackTitle "IM"]
[WhiteElo "2420"]
[BlackElo "2488"]
[WhiteFideId "1195360"]
[BlackFideId "14187086"]
[EventDate "2022.12.16"]

1. d4 d5 2. c4 e6 3. Nf3 Nf6 4. Nc3 a6 5. g3 dxc4 6. Bg2 c5 7. dxc5 Qxd1+ 8.
Nxd1 Bxc5 9. Ne5 Ke7 10. O-O Nd5 11. Ne3 Nc6 12. Nxc6+ bxc6 13. Nxc4 a5 14. b3
a4 15. Bb2 f6 16. e4 a3 17. exd5 axb2 18. d6+ Bxd6 19. Nxb2 Be5 20. Rab1 Rxa2
21. Nc4 Bd4 22. Bxc6 e5 23. Bg2 Bf5 24. Ne3 Bxb1 25. Nd5+ Kd6 26. Rxb1 Rxf2 27.
Kh1 Rb2 28. Rc1 Rxg2 0-1

[Event "European Blitz 2022"]
[Site "Katowice POL"]
[Date "2022.12.16"]
[Round "15.32"]
[White "Orzech, Dominik"]
[Black "Manik, Mikulas"]
[Result "0-1"]
[WhiteTitle "IM"]
[BlackTitle "GM"]
[WhiteElo "2313"]
[BlackElo "2359"]
[WhiteFideId "1115065"]
[BlackFideId "14900734"]
[EventDate "2022.12.16"]

1. e4 e6 2. d4 d5 3. Nc3 Nf6 4. e5 Nfd7 5. Nce2 c5 6. c3 Nc6 7. Nf3 cxd4 8. cxd4
f6 9. Nf4 Qe7 10. exf6 Qxf6 11. Bd3 Bb4+ 12. Kf1 Bd6 13. Nh5 Qe7 14. Ng5 g6 15.
Nxe6 gxh5 16. Qxh5+ Qf7 17. Qe2 Ne7 18. Bg5 Nf6 19. Re1 Ne4 20. Bxe4 Bxe6 21.
Bf3 Bd7 22. Bh5 O-O 23. Bxf7+ Rxf7 24. h4 Nf5 25. Kg1 Nxd4 26. Qd1 Bc5 27. Be3
Re8 28. h5 Rfe7 29. Rh4 Nf5 30. Qxd5+ Be6 31. Rg4+ Ng7 32. Rxg7+ Kxg7 33. Qxc5 0-1

[Event "European Blitz 2022"]
[Site "Katowice POL"]
[Date "2022.12.16"]
[Round "15.33"]
[White "Vedrickas, Tautvydas"]
[Black "Plichta, Kamil"]
[Result "0-1"]
[WhiteTitle "FM"]
[BlackTitle "FM"]
[WhiteElo "2358"]
[BlackElo "2394"]
[WhiteFideId "12802654"]
[BlackFideId "1141830"]
[EventDate "2022.12.16"]

1. d4 Nf6 2. c4 g6 3. Nc3 Bg7 4. e4 d6 5. f3 O-O 6. Nge2 Nc6 7. Bg5 a6 8. Qd2
Na5 9. Nc1 c5 10. d5 b5 11. cxb5 Nd7 12. Be2 Ne5 13. O-O Nac4 14. Bxc4 Nxc4 15.
Qe2 axb5 16. a4 Nxb2 17. Nxb5 Nxa4 18. Ra2 Qd7 19. Qc4 Nb6 20. Qb3 Rxa2 21. Nxa2
Ba6 22. Nbc3 Bxf1 23. Qxb6 Bc4 24. h3 Ra8 25. Qb1 Qa7 0-1

[Event "European Blitz 2022"]
[Site "Katowice POL"]
[Date "2022.12.16"]
[Round "15.34"]
[White "Berend, Elvira"]
[Black "Kyc, Jerzy"]
[Result "0-1"]
[WhiteTitle "WGM"]
[WhiteElo "2318"]
[BlackElo "2230"]
[WhiteFideId "4000510"]
[BlackFideId "1163922"]
[EventDate "2022.12.16"]

1. d4 Nf6 2. Nf3 g6 3. Bg5 Bg7 4. Nbd2 d5 5. e3 O-O 6. Be2 c5 7. c3 Qb6 8. Qb3
c4 9. Qxb6 axb6 10. O-O b5 11. a3 Nbd7 12. Ne5 Nb6 13. f3 Na4 14. Ra2 h6 15. Bh4
g5 16. Bf2 Bf5 17. Rc1 Ra6 18. b3 Nb6 19. bxc4 bxc4 20. e4 dxe4 21. Nexc4 exf3
22. Bxf3 Nxc4 23. Nxc4 Be6 24. d5 Bxd5 25. Bxd5 Nxd5 26. Rb2 Rc8 27. Ne3 Nxc3
28. Kf1 Rxa3 29. Rxb7 e6 30. h4 Ra2 31. hxg5 Rxf2+ 32. Kxf2 Ne4+ 33. Ke2 Rxc1
34. gxh6 Bxh6 35. Ng4 Bg7 36. Rb8+ Kh7 37. Rb7 Kg6 38. Ne3 Rc3 39. Nd1 Rg3 40.
Kf1 Bd4 41. Rb4 e5 42. Rb8 Rd3 43. Ke2 Rd2+ 44. Ke1 Kg7 45. g4 Rg2 46. Kf1 Rxg4
47. Ke2 Rg3 48. Rb7 Nc3+ 49. Nxc3 Rxc3 0-1

[Event "European Blitz 2022"]
[Site "Katowice POL"]
[Date "2022.12.16"]
[Round "15.35"]
[White "Arkell, Keith C"]
[Black "Haug, Havard"]
[Result "0-1"]
[WhiteTitle "GM"]
[WhiteElo "2406"]
[BlackElo "2044"]
[WhiteFideId "400270"]
[BlackFideId "1547887"]
[EventDate "2022.12.16"]

1. d4 d5 2. Nf3 Nf6 3. c4 e6 4. cxd5 exd5 5. Nc3 c5 6. Bg5 Be6 7. e3 Nc6 8. Be2
Be7 9. O-O O-O 10. dxc5 Bxc5 11. Nb5 Rc8 12. Nbd4 Be7 13. Rc1 Ne4 14. Bxe7 Qxe7
15. Qa4 Nxd4 16. Qxd4 Qf6 17. Qxf6 Nxf6 18. Nd4 Ne4 19. Rfd1 Rfd8 20. Bf3 Ng5
21. Be2 Ne4 22. h3 Kf8 23. h4 Ke7 24. Bf3 Nf6 25. Kf1 h5 26. Ke2 g6 27. a3 Ne4
28. Bxe4 dxe4 29. Rxc8 Rxc8 30. Kd2 Kd6 31. Rc1 Rxc1 32. Kxc1 Bc4 33. Kd2 Bf1
34. g3 a5 35. Kc3 b6 36. b4 Kd5 37. bxa5 bxa5 38. Nb3 a4 39. Nd2 Bd3 40. Kb4 Bc2
41. Nc4 Ke6 42. Kc3 Bd1 43. Kd4 Bc2 44. Kc3 Bd1 45. Nb2 Bb3 46. Kb4 Kf5 47. Nxa4
Bd5 48. Nc3 Ba8 49. Nb5 Kg4 50. Nd4 Kh3 51. Kc5 Kg2 52. Kd6 Kxf2 53. Ke7 Kxe3
54. Nb5 Kd3 55. Nc7 e3 0-1

[Event "European Blitz 2022"]
[Site "Katowice POL"]
[Date "2022.12.16"]
[Round "15.36"]
[White "Karas, Marek"]
[Black "Tisaj, Domen"]
[Result "0-1"]
[WhiteTitle "FM"]
[BlackTitle "FM"]
[WhiteElo "2240"]
[BlackElo "2396"]
[WhiteFideId "14928558"]
[BlackFideId "14628708"]
[EventDate "2022.12.16"]

1. d4 Nf6 2. Nf3 e6 3. c4 d5 4. Nc3 Be7 5. Bg5 Nbd7 6. e3 h6 7. Bh4 O-O 8. Qc2
c6 9. cxd5 Nxd5 10. Bxe7 Qxe7 11. Be2 Nxc3 12. Qxc3 Re8 13. O-O e5 14. dxe5 Nxe5
15. Nxe5 Qxe5 16. Qxe5 Rxe5 17. Rfd1 Be6 18. b3 Kf8 19. Rd2 Ke7 20. Kf1 Rd5 21.
Rxd5 Bxd5 22. f3 a5 23. e4 Be6 24. Rb1 Ra7 25. a3 Kd6 26. Kf2 f5 27. Ke3 fxe4
28. fxe4 Ke5 29. Bc4 b6 30. Bxe6 Kxe6 31. Rd1 Ke7 32. Rc1 c5 33. Rf1 a4 34. b4
cxb4 35. axb4 a3 36. Kd4 a2 37. Ra1 Kd6 38. Kc4 Kc6 39. e5 Ra3 40. b5+ Kd7 41.
Kd5 Rd3+ 42. Kc4 Rd2 43. g4 Rxh2 44. Kd5 Rd2+ 45. Ke4 Ke6 46. Ke3 Rd5 47. Rxa2
Rxe5+ 48. Kf4 Rxb5 49. Ra7 Kf6 50. Rb7 g6 51. Rb8 Rb4+ 52. Kf3 Kg5 53. Rd8 Rb3+
54. Kg2 Kxg4 55. Rd6 Kf5 0-1

[Event "European Blitz 2022"]
[Site "Katowice POL"]
[Date "2022.12.16"]
[Round "15.37"]
[White "Brilej, Jaka"]
[Black "Langheinrich, Ferenc"]
[Result "0-1"]
[WhiteTitle "FM"]
[BlackTitle "IM"]
[WhiteElo "2336"]
[BlackElo "2381"]
[WhiteFideId "14618818"]
[BlackFideId "4641973"]
[EventDate "2022.12.16"]

1. d4 Nf6 2. c4 e6 3. Nc3 Bb4 4. Bd2 O-O 5. e3 d5 6. Nf3 b6 7. cxd5 exd5 8. Bd3
c5 9. O-O Nc6 10. Rc1 c4 11. Bb1 Bxc3 12. Bxc3 Bg4 13. Qc2 Bxf3 14. gxf3 Qd7 15.
Kh1 Qh3 16. Qe2 b5 17. Rg1 b4 18. Rg3 Qe6 19. Bd2 Nxd4 20. Qf1 Nc6 21. Qg2 g6
22. Rg1 Nh5 23. Rg5 Ng7 24. f4 f5 0-1

[Event "European Blitz 2022"]
[Site "Katowice POL"]
[Date "2022.12.16"]
[Round "15.38"]
[White "Grabarczyk, Miroslaw"]
[Black "Morgunov, Marc"]
[Result "1-0"]
[WhiteTitle "GM"]
[BlackTitle "FM"]
[WhiteElo "2337"]
[BlackElo "2402"]
[WhiteFideId "1101684"]
[BlackFideId "1640305"]
[EventDate "2022.12.16"]

1. d4 Nf6 2. c4 g6 3. Nf3 Bg7 4. g3 O-O 5. Bg2 d6 6. Nc3 Nc6 7. O-O e5 8. dxe5
dxe5 9. Qxd8 Rxd8 10. Bg5 Be6 11. Nd2 h6 12. Bxf6 Bxf6 13. Nde4 Be7 14. Nd5 Bxd5
15. cxd5 Nb4 16. Nc3 c6 17. dxc6 Nxc6 18. Bxc6 bxc6 19. Rfd1 f5 20. Rac1 Kf7 21.
Na4 Rxd1+ 22. Rxd1 Ke6 23. Rc1 Rc8 24. e4 fxe4 25. Nc3 Rb8 26. b3 e3 27. fxe3
Rb4 28. Kf2 h5 29. Ke2 h4 30. Kd3 Rg4 31. Ne4 Kd5 32. Nc3+ Ke6 33. Ne4 Kd5 34.
Rc4 Ke6 35. h3 1-0

[Event "European Blitz 2022"]
[Site "Katowice POL"]
[Date "2022.12.16"]
[Round "15.39"]
[White "Kirk, Ezra"]
[Black "Koziorowicz, Michal"]
[Result "1-0"]
[WhiteTitle "IM"]
[BlackTitle "FM"]
[WhiteElo "2432"]
[BlackElo "2348"]
[WhiteFideId "600067"]
[BlackFideId "21809194"]
[EventDate "2022.12.16"]

1. e4 c5 2. Nf3 d6 3. Bb5+ Bd7 4. c4 e5 5. Bxd7+ Qxd7 6. Nc3 g6 7. O-O Bg7 8. d3
Ne7 9. a3 O-O 10. b4 Nbc6 11. Rb1 b6 12. Nd5 f5 13. Re1 Nd4 14. Nxd4 cxd4 15.
Nxe7+ Qxe7 16. exf5 gxf5 17. Qf3 Rae8 18. Qd5+ Kh8 19. f3 Rg8 20. Re2 Qf6 21.
Bd2 Bh6 22. Bxh6 Qxh6 23. Rbe1 Rg7 24. c5 bxc5 25. bxc5 Rd7 26. h3 Qg6 27. Rxe5
Rg8 28. R5e2 Rdg7 29. cxd6 Qh5 30. Qxd4 h6 31. d7 Qxf3 32. d8=Q 1-0

[Event "European Blitz 2022"]
[Site "Katowice POL"]
[Date "2022.12.16"]
[Round "15.40"]
[White "Spalir, Jernej"]
[Black "Polster, Christian"]
[Result "1-0"]
[WhiteTitle "IM"]
[BlackTitle "FM"]
[WhiteElo "2377"]
[BlackElo "2235"]
[WhiteFideId "14606518"]
[BlackFideId "12965081"]
[EventDate "2022.12.16"]

1. d4 d5 2. c4 e6 3. Nc3 c6 4. Nf3 dxc4 5. g3 b5 6. Bg2 Bb7 7. O-O Nd7 8. a4 b4
9. Nb1 c5 10. Qc2 cxd4 11. Qxc4 Ngf6 12. Nbd2 Rc8 13. Qxd4 Bc5 14. Qh4 a5 15.
Nb3 Bb6 16. Rd1 Qe7 17. Bf4 e5 18. Bg5 h6 19. Bh3 Rc7 20. Rac1 O-O 21. Rxc7 Bxc7
22. Rxd7 hxg5 23. Nxg5 Qe8 24. Rxc7 Ba8 25. Bf5 g6 26. Bxg6 fxg6 27. Qh6 1-0

[Event "European Blitz 2022"]
[Site "Katowice POL"]
[Date "2022.12.16"]
[Round "15.41"]
[White "Varvadoukas, Theodoros"]
[Black "Ondozi, Murtez"]
[Result "1/2-1/2"]
[BlackTitle "FM"]
[WhiteElo "2109"]
[BlackElo "2406"]
[WhiteFideId "4210735"]
[BlackFideId "937576"]
[EventDate "2022.12.16"]

1. c4 c6 2. d4 d5 3. Nc3 Nf6 4. Nf3 e6 5. cxd5 exd5 6. Bg5 h6 7. Bh4 Be7 8. e3
Bf5 9. Bd3 Bxd3 10. Qxd3 Nbd7 11. Bxf6 Bxf6 12. O-O-O Be7 13. Kb1 Rc8 14. h4 b5
15. e4 b4 16. Ne2 dxe4 17. Qxe4 O-O 18. g4 Nf6 19. Qf5 Qd5 20. Ng3 g6 21. Qxd5
cxd5 22. Ne5 Bd6 23. f3 Rfe8 24. Rde1 Re7 25. g5 Nd7 26. f4 h5 27. Rhf1 Rce8 28.
Kc2 Nb6 29. b3 a5 30. Kd2 a4 31. Nd3 Rxe1 32. Rxe1 Rxe1 33. Kxe1 Kf8 34. Kd2 Ke7
35. Ke3 Ke6 36. Nf1 axb3 37. axb3 Nd7 38. Nd2 Nb8 39. Nf3 Nc6 40. Nfe5 Na5 41.
Nc1 Bxe5 42. dxe5 Kf5 43. Kf3 d4 44. Nd3 Nxb3 45. Nxb4 Nc5 46. Nd5 d3 47. Ne3+
Ke6 48. Kf2 Ne4+ 49. Kf3 Nc3 50. Nc4 Kd5 51. Nd2 Kd4 52. Nb3+ Kc4 53. Nd2+ Kd4
54. Nb3+ Kd5 55. Ke3 Ne2 56. Nd2 Ng3 57. Kxd3 Nf5 58. Nf3 Kc5 59. Ke4 Ng3+ 60.
Kd3 Nf5 61. Ke4 Ng3+ 62. Kd3 Nf5 63. Ke4 Ng3+ 1/2-1/2

[Event "European Blitz 2022"]
[Site "Katowice POL"]
[Date "2022.12.16"]
[Round "15.42"]
[White "Trzebinski, Patryk"]
[Black "Mastrovasilis, Dimitrios"]
[Result "0-1"]
[BlackTitle "GM"]
[WhiteElo "1792"]
[BlackElo "2605"]
[WhiteFideId "21839034"]
[BlackFideId "4202694"]
[EventDate "2022.12.16"]

1. e4 c5 2. Nf3 e6 3. d4 cxd4 4. Nxd4 Nc6 5. Nb5 d6 6. N1c3 a6 7. Nd4 Nf6 8. Be3
Be7 9. Bd3 O-O 10. O-O Ne5 11. h3 b5 12. f4 Nxd3 13. cxd3 Bb7 14. Rc1 Rc8 15.
Qb3 Qa5 16. Nf3 Nd7 17. a3 Nc5 18. Qd1 b4 19. axb4 Qxb4 20. Qd2 Nb3 21. Nd5 Nxd2
22. Nxb4 Nxf1 23. Kxf1 Rxc1+ 24. Bxc1 d5 25. Na2 dxe4 26. dxe4 Bxe4 27. Nd4 Rd8
28. Be3 Bf6 29. Nc3 Bxd4 0-1